• Valentini, Natalino

di Personal Name

Records bibliografici associati: 1

001 - CONTROL NUMBER

  • control field: 58432

003 - CONTROL NUMBER IDENTIFIER

  • control field:

005 - DATE AND TIME OF LATEST TRANSACTION

  • control field: 20200904170612.0

008 - FIXED-LENGTH DATA ELEMENTS

  • fixed length control field: 200904|| aca||aabn | a|a d

040 ## - CATALOGING SOURCE

  • Original cataloging agency:
  • Transcribing agency:

100 ## - HEADING--PERSONAL NAME

  • Personal name: Valentini, Natalino

670 ## - SOURCE DATA FOUND

  • Source citation: Work cat.: ()0: Florenskij, Pavel Aleksandrovič, 1882-1937. 58430, La filosofia del culto /, ©2016.
CREDITS: SOCIETA' SAN PAOLO Via A.Severo, 58 - ROMA (RM) & PERIODICI SAN PAOLO SRL Via Giotto, 36 MILANO & CISF Via Giotto, 36 MILANO & EDIZIONI SAN PAOLO SRL,  Piazza Soncino, 5 CINISELLO BALSAMO (MI) -- ITALY